000
00285nam a2200109Ia 4500
008
210430s9999 xx 000 0 und d
082
_a
297 M9721A
100
_a
Dr. Malik Ghulam Murtaza
_9
1485
245
_a
Anwar Ul Quran
_c
Dr. Malik Ghulam Murtaza
300
_a
576
942
_c
BK
_2
ddc
999
_c
565193
_d
565193